Výpočtová technika I.

Bibliographic Details
Main Authors: Molnár, Vieroslav (Author), Brindzár, Peter (Author)
Format: Book
Language:Slovak
PhysicalDescription:67 s. fotogr., sch., tab. 29
Published: Košice Technická univerzita 2005
ISBN:8080734038
Edition:2. preprac. a dopl. vyd.
Subjects:

MARC

LEADER 00000nam a2200000 a 4500
001 vtls008629091
003 SK-MaSNL
005 20260301021602.0
008 240314s2005 xo ol d p 000 0 slo
015 |a SNBA2006/05-02519 
020 |a 8080734038  |q (brož.) 
035 |a 0D87EBF6-1ADC-4C75-8C25-7768D2D6868D 
035 |a urn:nbn:sk:snk-amkprs 
035 |a urn:nbn:sk:snk-am0057b3 
040 |a SNK  |b slo  |c SNK  |e AACR2 
041 0 |a slo 
044 |a xo  |c SK 
072 7 |a 004  |x Počítačová veda. Výpočtová technika. Informačné technológie  |2 konspekt 
080 |a (075.8)  |2 2001 
080 |a 004  |2 2001 
100 1 |a Molnár, Vieroslav  |4 aut  |9 310798 
245 1 0 |a Výpočtová technika  |c Vieroslav Molnár, Peter Brindzár  |n I. 
250 |a 2. preprac. a dopl. vyd. 
260 |a Košice  |b Technická univerzita  |c 2005 
300 |a 67 s.  |b fotogr., sch., tab.  |c 29 
504 |a Bibliogr. s. 67 
506 |a 50 výtl. 
650 0 7 |a výpočtová technika  |2 SNKPH  |9 1126 
655 7 |a učebnice vysokých škôl  |2 SNKPH  |9 70191 
700 1 |a Brindzár, Peter  |4 aut  |9 310799 
919 |a 80-8073-403-8 
999 |c 565639  |d 567569 
952 |a SNK  |b SNK  |y PREZ  |7 0  |p 17A0501283  |o snkSB 71962/1  |i snk2006/4957  |8 0  |0 0  |1 0  |4 0  |d 2006-03-07  |l 0  |r 2025-04-24 00:00:00  |w 2026-02-23 
952 |a SNK  |b SNK  |y VYP  |7 0  |p 17A0501282  |o snkSB 71962/1 D1  |i snk2006/4958  |8 0  |0 0  |1 0  |4 0  |d 2006-03-07  |f 1  |l 0  |r 2016-06-30 00:00:00  |w 2026-02-23